书目信息 |
| 题名: |
现代功能材料导论
|
|
| 作者: | 温树林 编著 | |
| 分册: | ||
| 出版信息: | 北京 科学出版社 1983.6 |
|
| 页数: | 404页 | |
| 开本: | 20cm | |
| 丛书名: | ||
| 单 册: | ||
| 中图分类: | TB3 | |
| 科图分类: | ||
| 主题词: | 工程材料 | |
| 电子资源: | ||
| ISBN: | ||
| 000 | 00539nam0 2200193 45 | |
| 001 | 0312221749 | |
| 005 | 20031222170908.6 | |
| 010 | @dCNY2.60 | |
| 100 | @a20031222d1983 km y0chiy0120 ea | |
| 101 | @achi | |
| 105 | @a z 000yy | |
| 200 | 1 | @a现代功能材料导论@AXian Dai Gong Neng Cai Liao Dao Lun@f温树林编著@FWen Shu Lin Bian Zhu |
| 210 | @a北京@c科学出版社@d1983.6 | |
| 215 | @a404页@d20cm | |
| 606 | 0 | @a工程材料 |
| 690 | @aTB3@v3 | |
| 701 | 0 | @a温树林@4编著 |
| 801 | @aCN@bTSTCL@c20031222 | |
| 905 | @a213230@dTB3@e115@b156086-087@f2 | |
| 现代功能材料导论/温树林编著.-北京:科学出版社,1983.6 |
| 404页;20cm |
| ISBN :CNY2.60 |
| ● |
| 相关链接 |
|
|
|
|
正题名:现代功能材料导论
索取号:TB3/115
 
预约/预借
| 序号 | 登录号 | 条形码 | 馆藏地/架位号 | 状态 | 备注 |
| 1 | 0156086 | 001359309 | 第三借阅区/ [索取号:TB3/115] | 在馆 | |
| 2 | 0156087 | 001358916 | 第二样本阅览室/ [索取号:TB3/115] | 在馆 |